|
|
|
|
| LEADER |
00000nas a22000001a 4500 |
| 001 |
vtls010302420 |
| 003 |
SK-MaSNL |
| 005 |
20260228162641.0 |
| 008 |
110810d19531954xo mr p r 0 b0slo |
| 015 |
|
|
|a SNBDS17XX9999
|
| 015 |
|
|
|a 1701
|2 Balúnová 1945-60
|
| 038 |
|
|
|a SNKBUDS
|
| 040 |
|
|
|a SNK
|b slo
|c SNK
|e AACR2
|
| 041 |
0 |
|
|a slo
|
| 044 |
|
|
|a xo
|c SK
|
| 080 |
|
|
|a 69
|2 2001
|
| 080 |
|
|
|a 070.489
|2 2001
|
| 245 |
0 |
0 |
|a Trnavský stavbár
|b mesačník Okresného stavebného podniku v Trnave
|
| 260 |
|
|
|a Trnava
|b ZO KSS, ROH, ČSM a vedenie podniku OSP v Trnave
|c 1953-1954
|
| 300 |
|
|
|a 2 roč.
|c 30 x 21 cm
|
| 310 |
|
|
|a 1x mesačne
|
| 362 |
0 |
|
|a Roč. I, č. 1 (15.11.1953)-roč. II, č. 11 (30.11.1954)
|
| 500 |
|
|
|a Vych. v Trnave mesačne
|
| 500 |
|
|
|a Red. red. rada. Zodp. red Ladislav Hornák
|
| 500 |
|
|
|a Vyd. ZO KSS, ROH, ČSM a vedenie podniku OSP v Trnave
|
| 500 |
|
|
|a Tlač. rozmnož. rotaprintom
|
| 500 |
|
|
|a Prvé číslo vyšlo 15. nov. 1953. Pov. PK č. 9-2768/1953. Čas. zanikol. Posl. číslo 11/II z 30. nov. 1954
|
| 505 |
8 |
0 |
|g Roč. I. 1953 3 č. po 7-10 s.
|
| 505 |
8 |
0 |
|g Roč. II. 1954 11 č. po 8-14 s.
|
| 610 |
2 |
7 |
|a Okresný stavebný podnik (Trnava)
|x časopisy
|2 SNKBUDS
|9 271711
|
| 650 |
0 |
7 |
|a stavebníctvo
|2 SNKPH
|9 726
|
| 655 |
|
7 |
|a podnikové časopisy
|2 SNKBUDS
|9 265225
|
| 700 |
1 |
|
|a Horňák, Ladislav,
|c iný
|4 pbd
|9 165224
|
| 710 |
2 |
|
|a Okresný stavebný podnik (Trnava)
|e vydav.
|9 271712
|
| 852 |
|
|
|a SNK
|b 10000
|h ČSB 848
|
| 852 |
|
|
|a UKB
|b 300000
|h SB 1206
|
| 852 |
|
|
|a UKB
|b 300000
|h XX B 801
|
| 852 |
|
|
|a SVKKK
|b 900000
|h C 407
|
| 999 |
|
|
|c 8152
|d 10082
|